000 00941nam a2200229 i 4500
001 145157
003 ES-MaACL
005 20250928112635.0
007 t|
008 070214s1912 cl r ||||1| spa d
100 1 _aSotomayor Valdés, Ramón.
_9107546
245 1 3 _aLa legación de Chile en Bolivia
_b: desde Septiembre de 1867 hasta principios de 1871 : contiene los principales documentos diplomáticos, precedidos de algunos apuntes históricos sobre la administración del general Melgarejo. /
_cRamón Sotomayor Valdés.
250 _a2ª. ed.
260 _aSantiago de Chile :
_b[s. n.],
_c1912 (
_fImp. de San José)
300 _a399 p. ;
_c28 cm.
651 4 _aChile-
_xRelaciones-
_zBolivia.
_9160063
651 4 _aBolivia-
_xRelaciones-
_zChile.
_9160064
651 4 _aBolivia-
_xHistoria-
_y1825-1879.
_9160065
700 1 _aMelgarejo, Mariano,
_d1820-1871
_9160062
852 _aES-MaACL
_jG-3002
999 _c145157
_d145157